00998nam a2200181Ia 4500008004100000040001800041041000800059100003700067245005500104260005200159300001300211505033700224650002100561650004600582650005100628710010800679710002900787130821s2000 ck gs spa  aCo-BoUCMbspa00aspa1 aBejarano, Carlos Mauriciod1955-10aBogotá paisaje sonorocCarlos MauricioBejarano. aBogotá (Colombia)bGoethe Institut DAMAc2000 a1 CD ROM aTiempo de agua. -- Rutas del agua. -- Silencio No. 1 Blanco. -- Plaza de Bolívar. -- Domingo. -- Silencio No. 2 Azul. -- Tren de paso. -- Parque de Usaquén. -- Silencio No. 3 Negro. -- Viernes Santo. -- Hora 0:00. -- Carrera 7a. - Silencio No. 4 Violeta. -- La Estación. -- Fluidos. -- Silencio No. 5 Plateado. -- Reloj final.04aBienestar social04aRuido urbanozBogotá (Colombia)vCD-ROM04aSonidos naturaleszBogotá (Colombia)vCD-ROM1 aBogotá (Colombia).Balcaldía Mayor.Bdepartamento Técnico Administrativo Del Medio Ambiente. DAMA2 aGoethe Institut Bogotá